After the nightmare : a survivor of the Cultural Revolution reports on China today /

Bibliographic Details
Main Author: Liang, Heng
Other Authors: Shapiro, Judith, 1953-
Format: Book
Language:English
Published: New York : Knopf, 1986.
Edition:1st ed.
Subjects:

MARC

Tag First Indicator Second Indicator Subfields
LEADER 00000pam a2200000 a 4500
001 in00000421005
005 20151012053920.0
008 851206s1986 nyubf 00010 eng
010 |a  85023688  
020 |a 0394551532 
035 |a (OCoLC)12978800 
035 |9 ABU5976AM 
039 0 |a 2  |b 3  |c 3  |d 3  |e 3 
040 |a DLC  |c DLC  |d TXA  |d UtOrBLW 
043 |a a-cc--- 
049 |a TXAM  |c [A09469169] 
050 0 0 |a DS779.23  |b .L49 1986 
082 0 |a 951.05/7  |2 19 
100 1 |a Liang, Heng. 
245 1 0 |a After the nightmare :  |b a survivor of the Cultural Revolution reports on China today /  |c Liang Heng and Judith Shapiro. 
250 |a 1st ed. 
264 1 |a New York :  |b Knopf,  |c 1986. 
300 |a 240 pages, 1 unnumbered leaf of plates :  |b map ;  |c 22 cm. 
336 |a text  |b txt  |2 rdacontent 
337 |a unmediated  |b n  |2 rdamedia 
338 |a volume  |b nc  |2 rdacarrier 
651 0 |a China  |x Social life and customs  |y 1976-2002. 
700 1 |a Shapiro, Judith,  |d 1953- 
999 |a MARS 
999 f f |s f8125afe-242f-390d-adc8-d2a461fba405  |i db1763c0-40f4-375c-bdf5-5c5d3e35493d  |t 0 
952 f f |p ric  |a Texas A&M University  |b Rellis Campus  |c Joint Library Facility  |d Remote Storage  |t 0  |e DS779.23 .L49 1986  |h Library of Congress classification  |i unmediated -- volume  |m A14809469169 
998 f f |a DS779.23 .L49 1986  |t 0  |l Remote Storage